| 000 | 00332nam a22001217a 4500 | ||
|---|---|---|---|
| 008 | 160427b xxu||||| |||| 00| 0 eng d | ||
| 020 | _a9780130994066 | ||
| 020 | _a0130994065 | ||
| 041 | _aeng | ||
| 080 | _a6180.2 | ||
| 245 |
_aMaternal neuvborn child nursing; _cMaria L. London; Patricia W. Ladewig; Jane W. Ball; |
||
| 942 |
_2udc _cBK |
||
| 999 |
_c1637 _d1637 |
||